| 000 | 00977nam0a22002651 4500 | ||
|---|---|---|---|
| 001 | v19\rc\1720403 | ||
| 005 | 20250619054244.0 | ||
| 035 | _a(NLR Aleph) 004843963 | ||
| 090 |
_a4851761 _c4851761 |
||
| 100 | _a20061002d1901 |||y0rusy50 ca | ||
| 101 | 1 |
_arus _cger |
|
| 102 | _aRU | ||
| 105 | _ay z |||c| | ||
| 200 | 1 |
_aГрафиня Кэт _eЮморист. очерки _eС нем. _fАдлерсфельд-Баллерстрем[!] |
|
| 210 |
_a[Москва] _cжурн. "Русский вестник" _d1901 |
||
| 215 |
_a176 с. _d24 |
||
| 700 | 1 |
_aАдлерсфельд-Баллестрем _bЕ. _f1854- _gЕвфимия |
|
| 790 | 1 |
_aБаллестрем _bЕ. _f1854- _gЕвфимия |
|
| 790 | 1 |
_aАдлерсфельд-Баллерстрем[!] _bЕ. _f1854- _gЕвфимия |
|
| 790 | 1 |
_aБаллерстрем[!] _bЕ. _f1854- _gЕвфимия |
|
| 801 | 0 |
_aRU _bNLR _gpsbo |
|
| 801 | 1 |
_aRU _bProSoft-M _2rusmarc |
|
| 852 |
_aNLR _j34.5.1.97 |
||
| 942 | _cBOOK | ||
| 980 | _aNB | ||